000 00440nam a2200181Ia 4500
001 10745
005 20260306161854.0
008 260306t1989||||xx |||||||||||||| ||spa||
041 _aESP
082 _a946.73
_bB119
100 _aBayerri y Bertomeu, Enrique
_eAUT
245 0 _aHistoria de tortosa y su comarca
260 _c1989
300 _a1262 páginas :
_c24 cm.
650 _aGEN
654 _aCHU
942 _cLIB
_dJUS
_fJUS
_2ddc
_n
999 _c10745
_d10745